MAASAI MARA UNIVERSITY

LIBRARY CATALOGUE

Contact Us: +254 020 2685356/7 or 0774 057787

Box: 861-20500, NAROK, KENYA

Email: info@mmarau.ac.ke

Rutkosky Nita (Record no. 3544)

MARC details
000 -LEADER
fixed length control field 00400nam a2200145Ia 4500
008 - FIXED-LENGTH DATA ELEMENTS--GENERAL INFORMATION
fixed length control field 151015s9999 xx 000 0 und d
020 ## - INTERNATIONAL STANDARD BOOK NUMBER
International Standard Book Number 763820628
050 ## - LIBRARY OF CONGRESS CALL NUMBER
Classification number T 385 .R 893 2004
245 ## - TITLE STATEMENT
Title Rutkosky Nita
250 ## - EDITION STATEMENT
Edition statement _Power point 2003 Specialist
300 ## - PHYSICAL DESCRIPTION
Extent U.S.A EMC Paradigm 2004
500 ## - GENERAL NOTE
General note Includes Index
650 ## - SUBJECT ADDED ENTRY--TOPICAL TERM
Topical term or geographic name as entry element _Microsoft power point
700 ## - ADDED ENTRY--PERSONAL NAME
Personal name ^d20120827 10:54:10^okorir

No items available.

© 2016 Maasai Mara University.